000 00300nam a2200109Ia 4500
008 160531s9999 xx 000 0 und d
100 _aDerbel, Fethi.
245 _aAbdominal Surgery
245 _cby Fethi Derbel (ed.)
260 _c2012
856 _uhttp://www.intechopen.com/books/abdominal-surgery
999 _c295488
_d295488